000 00688nam a2200265Ia 4500
003 OSt
005 20220918192840.0
006 a|||||r|||| 00| 0
007 ta
008 220917b |||||||| |||| 00| 0 eng d
024 _a70,734
037 _cTextual
040 _aARTS
_cARTS
_beng
041 _2eng
_aeng
082 _aR4xM73,E, E2;K6 (ER)
100 _aMoore G E
_980451
245 0 _aEthics
250 _a2nd
260 _aLondon
_bOxford University Press
_c1966
300 _a137p.
_ccm.
490 _aOxford paperbacks university series
650 _aETHICS
942 _hR4xM73,E, E2;K6 (ER)
_cTEXL
_2CC
999 _c196827
_d196827